|
|
|
|
| LEADER |
01895cas a2200241 a 4500 |
| 001 |
AALejournalIMF008552 |
| 008 |
230101c9999 xx r poo 0 0eng d |
| 020 |
|
|
|c 5.00 USD
|
| 020 |
|
|
|z 9781451841664
|
| 022 |
|
|
|a 1018-5941
|
| 040 |
|
|
|a BD-DhAAL
|c BD-DhAAL
|
| 100 |
1 |
|
|a Tchakarov, Ivan.
|
| 245 |
1 |
4 |
|a The Gains From International Monetary Cooperation Revisited /
|c Ivan Tchakarov.
|
| 264 |
|
1 |
|a Washington, D.C. :
|b International Monetary Fund,
|c 2004.
|
| 300 |
|
|
|a 1 online resource (46 pages)
|
| 490 |
1 |
|
|a IMF Working Papers
|
| 500 |
|
|
|a <strong>Off-Campus Access:</strong> No User ID or Password Required
|
| 500 |
|
|
|a <strong>On-Campus Access:</strong> No User ID or Password Required
|
| 506 |
|
|
|a Electronic access restricted to authorized BRAC University faculty, staff and students
|
| 520 |
3 |
|
|a This paper examines the issue of whether countries can improve their welfare by coordinating macroeconomic policies. The main purpose is to compute the gains from international monetary cooperation as the difference between the steady state consumption levels associated with the Nash and the cooperative outcomes of the game in which monetary authorities pursue active monetary policy. A numerical second-order approximation makes the solution of the model possible. Contrary to Obstfeld and Rogoff (2002), who claim that the gains from international cooperation in monetary policy are negligible, the paper finds that they could be very significant and reach as high as 2.2 percent of steady state consumption. This suggests that individual countries could experience significant welfare losses if they concentrate only on domestic stabilization policies.
|
| 538 |
|
|
|a Mode of access: Internet
|
| 830 |
|
0 |
|a IMF Working Papers; Working Paper ;
|v No. 2004/001
|
| 856 |
4 |
0 |
|z Full text available on IMF
|u http://elibrary.imf.org/view/journals/001/2004/001/001.2004.issue-001-en.xml
|z IMF e-Library
|